000 00969nam a22003137a 4500
001 BR7704718
003 BR-BrBNA
005 20230928085412.0
007 ta
008 230509b bl.||||| |||| 00| 0 por d
040 _aBR-BrBNA
_bpor
_cBiblioteca Nacional de Agricultura
041 _a(Por)
072 _aE30; L00; H00
_b/G514
090 _ E30 BR7704718
110 1 _aSubsecretaria de Planejamento e Orcamento, Brasilia, DF (Brasil)
245 1 _aAnalise dos projetos prioritarios. 1. Semestre de 1977. Regiao Norte. V. 2 [inspecao sanitaria, Brasil]
260 3 _aBrasilia, DF (Brasil):
_c[nd].
300 _a33 p.
500 _a12 tables; Published 1977?
650 _aPROJETO DE DESENVOLVIMENTO
650 _aINSPECAO SANITARIA
650 _aINSEMINACAO ARTIFICIAL
650 _aMELHORAMENTO ANIMAL
650 _aNUTRICAO ANIMAL
650 _aDEFESA VEGETAL
650 _aREGIAO NORTE
909 _a202309
_bLucia
_c55
_dLucia Elande
942 _cBK
999 _c24237
_d24237